| 000 | 00815nam a22001937a 4500 | ||
|---|---|---|---|
| 999 |
_c57397 _d57397 |
||
| 003 | Ge_BSU | ||
| 005 | 20200615143449.0 | ||
| 008 | 200615s2019 ge ||||| |||| 00| 0 geo d | ||
| 041 | _ageo | ||
| 080 | _a616.3.1 ჩ-31 | ||
| 100 |
_aჩაჩხიანი, ბუბა _98429 |
||
| 245 |
_aდენტალური იმპლანტოლოგია : _bკომპენდიუმი / _cბუბა ჩაჩხიანი.; სტომატოლოგიური განათლების საერთაშორისო აკადემია. |
||
| 264 |
_aთბილიოსი, _c2019 |
||
| 300 |
_a81 გვ. _b28 სმ. |
||
| 653 | _aსტომატოლოგია | ||
| 653 | _aიმპლანტი | ||
| 653 | _aმედიცინა | ||
| 942 |
_2udc _cBK |
||